000 00340nam a22001457a 4500
020 _a81-7180-762-3
082 _a894.812
_bMOH/B
100 _aMOHANVARMA, K L
245 _aBUDHAN PIRANNA MANNIL
250 _aNINTH EDITION
260 _aKOZHIKODE
_bPOORNA PUBLICATIONS
_c2014
300 _a76
650 _aTRAVELOGUE
_zKERALA
942 _cBK
999 _c6985
_d6985